00318nam a2200133Ia 4500008004100000020001500041041001200056082001600068100001400084245002700098260003600125300000800161650001500169221030s9999 xx 000 0 und d a817808970X aEnglish a105.23bSha aV. Sharan 0aInternational Business bPearson EducationaDelhic2003 a393 aManagement